00541nam a2200181Ia 4500003000900000008004100009020001800050040001600068080001800084100002200102245008400124260003900208300001500247650002400262650002900286650002400315650002000339IN-BaIIA211028s9999 xx 000 0 eng d a0-486-60590-6 cIIA Library a524.3-64bCHA aChandrasekhar, S. 0aRadiative transfercS. Chandrasekhar  aNew YorkbDover Publicationsc1960 axiv, 393p. aIsotopic scattering aPrinciples of Invariance aQuadrature formulae aThe H-Functions